000 00847nam a22002297a 4500
999 _c12632
_d12632
003 AR-CdUCM
008 190409b ||||| |||| 00| 0 spa d
040 _aMUNICIPALIDAD PROVINCIAL DEL CUSCO
_cBIBLIOTECA MUNICIPAL DEL CUSCO
082 _aEP / 372 /
_bH82
100 _aHuacoto Bejar, Juana
_930564
245 _aCh'askachay :
_bKawsayninchiskunata yuyarispa qillqakunata riqsirisunchis 1 ñiqin /
260 _aCusco :
_bAsociación pukllasunchis,
_c2013.
300 _a69 paginas ;
_bIlustraciones, Graficos, Dibujos,
_c30 cm.
500 _aTexto en quechua
505 _aContenido: Cuaderno de trabajo para niños de primer grado
650 _aTexto educativo
_925832
650 _aCuaderno de trabajo
_911620
650 _aEducación
_9460
700 _aCañari Loaiza, Hilda
_930245
942 _2ddc
_cLIBROS
945 _apjha
_d2019-04-09